000
00303nam a22001337a 4500
008
181106b xxu||||| |||| 00| 0 eng d
020
_a
893130729
041
_a
eng
080
_a
610
100
_a
4
101
_a
SHM
245
_a
Vitamins and Minerals Help or Harm?
_c
Marshall,Ch.W
942
_2
udc
_c
BK
999
_c
52004
_d
52004